Logo BPK

Biblioteka

Politechniki Koszalińskiej

Odbudowa i rozwój przemysłu drzewnego na Pomorzu Zachodnim w latach 1945-1965 / (Rekord nr 20660)

Szczegóły MARC
000 -ETYKIETA REKORDU
podpole kontrolne o stałej długości 00382nam a2200133 i 4500
001 - NUMER KONTROLNY REKORDU
pole kontrolne bg
040 ## - ŹRÓDŁO KATALOGOWANIA
Instytucja, która utworzyła rekord BPK
041 ## - KOD JĘZYKA
Kod języka tekstu pol
008 - POLE O STAŁEJ DŁUGOŚCI - DANE KONTROLNE
podpole kontrolne o stałej długości s pl f |000 0 pol
100 1# - NAZWA OSOBOWA
Nazwa osobowa KOŚCIELECKA, Stanisława
245 #0 - TYTUŁ/ODPOWIEDZIALNOŚĆ
Tytuł Odbudowa i rozwój przemysłu drzewnego na Pomorzu Zachodnim w latach 1945-1965 /
Pozostałe elementy strefy tytułu i oznaczenia odpowiedzialności Stanisława Kościelecka.
260 ## - STREFA ADRESU WYDAWNICZEGO
Miejsce wydania Warszawa,
Data publikacji, dystrybucji/powstania dokumentu 1973.
856 ## - LOKALIZACJA I DOSTĘP DO ELEKTRONICZNYCH DOKUMENTÓW ZDALNYCH
Link (URL) http://koha.tu.koszalin.pl/cgi-bin/koha/opac-detail.pl?biblionumber=20660
Tekst linku Katalog online BPK
942 ## - DODATKOWE ELEMENTY (KOHA)
Typ dokumentu Książka
Egzemplarze
Wycofany Status egzemplarza Uszkodzony Dostępność Lokalizacja stała Lokalizacja bieżąca Miejsce przechowywania Sygnatura Kod kreskowy Typ dokumentu
      Dostępny Biblioteka Politechniki Koszalińskiej Biblioteka Politechniki Koszalińskiej Wypożyczalnia BG 29071 01249033 Książka
© 2023 Biblioteka Politechniki Koszalińskiej :: KOHA